Disneyland Park Rides - Statistics

General Stats
  • This quiz has been taken 167 times
    163 since last reset
  • The average score is 6 of 24
Answer Stats
Land Ride % Correct
Critter Country Splash Mountain / Tiana's Bayou Adventure
62%
Adventureland Jungle Cruise
60%
New Orleans Square Pirates of the Caribbean
54%
New Orleans Square The Haunted Mansion
52%
Fantasyland Big Thunder Mountain Railroad
44%
Fantasyland Peter Pan's Flight
40%
Fantasyland It's a Small World
38%
Adventureland Indiana Jones Adventure
30%
Tomorrowland Autopia
29%
Fantasyland Matterhorn Bobsleds
28%
Fantasyland Mad Tea Party
25%
Mickey's Toontown Mickey and Minnie's Runaway Railway
23%
Mickey's Toontown Roger Rabbit's Car Toon Spin
22%
Fantasyland Dumbo the Flying Elephant
21%
Tomorrowland Buzz Lightyear Astro Blasters
19%
Tomorrowland Finding Nemo Submarine Voyage
16%
Fantasyland Casey Jr. Circus Train
15%
Fantasyland Storybook Land Canal Boats
14%
Frontierland Sailing Ship Columbia
9%
Tomorrowland Disneyland Monorail
5%
Mickey's Toontown Chip 'n' Dale's GADJETcoaster
3%
Fantasyland Motor Boat Cruise
2%
Frontierland Pirate's Lair on Tom Sawyer Island
2%
Tomorrowland Rocket Rods
2%
No matching quizzes found
Score Distribution
Percent of People with Each Score
Percentile by Number Answered
Your Score History
You have not taken this quiz since the last reset